00334nam a22001097a 4500040000900000082001200009100003300021110004600054245006500100260004400165650001500209 cNUST a220 PRO aAnas Zia Saif Ur Rehman Ali  aProject Supervisor Prof. Dr Zafar Bangash aPR-SOF-2054-Design and Analysis of High Volume Low Speed Fan aISLAMABAD:bNUST COLLEGE OF EME,c2021. aDE-MECH-39